Sense profes, no hi ha escola : (Record no. 26166)

MARC details
000 -LEADER
campo de control de longitud fija 01191nam a2200361Ia 4500
001 - NÚMERO DE CONTROL
campo de control 035993
008 - DATOS DE LONGITUD FIJA--INFORMACIÓN GENERAL
campo de control de longitud fija 221003m2013 xx 000 0 val d
035 ## - NÚMERO DE CONTROL DEL SISTEMA
Número de control de sistema CENDO_26167
041 ## - CÓDIGO DE IDIOMA
Código de lengua del texto/banda sonora o título independiente val
245 #0 - MENCIÓN DEL TÍTULO
Título Sense profes, no hi ha escola :
Resto del título Campanya Mundial Per L'Educació 2013
260 ## - PUBLICACIÓN, DISTRIBUCIÓN, ETC.
Lugar de publicación, distribución, etc. [S.l.] :
Nombre del editor, distribuidor, etc. Federació d'Ensenyament de CCOO PV,
Fecha de publicación, distribución, etc. 2013
300 ## - DESCRIPCIÓN FÍSICA
Extensión 1 p. ;
Dimensiones 30 cm
500 ## - NOTA GENERAL
Nota general En: T.E. : País Valencià, n. 340 (febrero 2013), p. 7
650 ## - PUNTO DE ACCESO ADICIONAL DE MATERIA--TÉRMINO DE MATERIA
Término de materia o nombre geográfico como elemento de entrada SISTEMA EDUCATIVO
9 (RLIN) 915
650 #0 - PUNTO DE ACCESO ADICIONAL DE MATERIA--TÉRMINO DE MATERIA
Término de materia o nombre geográfico como elemento de entrada PERSONAL DOCENTE
9 (RLIN) 5294
650 ## - PUNTO DE ACCESO ADICIONAL DE MATERIA--TÉRMINO DE MATERIA
Término de materia o nombre geográfico como elemento de entrada EDUCACION
9 (RLIN) 431
650 ## - PUNTO DE ACCESO ADICIONAL DE MATERIA--TÉRMINO DE MATERIA
Término de materia o nombre geográfico como elemento de entrada ENSEÑANZA PUBLICA
9 (RLIN) 4635
650 ## - PUNTO DE ACCESO ADICIONAL DE MATERIA--TÉRMINO DE MATERIA
Término de materia o nombre geográfico como elemento de entrada ESCOLARIDAD
9 (RLIN) 9798
650 ## - PUNTO DE ACCESO ADICIONAL DE MATERIA--TÉRMINO DE MATERIA
Término de materia o nombre geográfico como elemento de entrada ENSEÑANZA
9 (RLIN) 699
650 #0 - PUNTO DE ACCESO ADICIONAL DE MATERIA--TÉRMINO DE MATERIA
Término de materia o nombre geográfico como elemento de entrada ACTITUD SINDICAL
9 (RLIN) 61
650 #0 - PUNTO DE ACCESO ADICIONAL DE MATERIA--TÉRMINO DE MATERIA
Término de materia o nombre geográfico como elemento de entrada COMUNIDADES AUTONOMAS
9 (RLIN) 344
650 ## - PUNTO DE ACCESO ADICIONAL DE MATERIA--TÉRMINO DE MATERIA
Término de materia o nombre geográfico como elemento de entrada PAIS VALENCIANO
9 (RLIN) 1970
710 2# - ENTRADA AGREGADA--NOMBRE DE ENTIDAD CORPORATIVA
Nombre de entidad corporativa o nombre de jurisdicción como elemento de entrada CCOO.
Unidad subordinada Federación de Enseñanza.
-- Federación del País Valenciano
9 (RLIN) 20422
856 ## - LOCALIZACIÓN Y ACCESO ELECTRÓNICOS
Nota pública PDF
Identificador Uniforme de Recursos <a href="http://docpublicos.ccoo.es/cendoc/035993SenseProfes.pdf">http://docpublicos.ccoo.es/cendoc/035993SenseProfes.pdf</a>
901 ## - ELEMENTOS DE DATOS A LOCAL LDA (RLIN)
a 0
903 ## - ELEMENTOS DE DATOS C LOCAL, LDC (RLIN)
a NO
904 ## - ELEMENTOS DE DATOS D LOCAL, LDD (RLIN)
a 000
907 ## - ELEMENTOS DE DATOS G LOCAL, LDG (RLIN)
a Sistema Educativo
953 ## -
-- 2013-03-13
-- DOCU_ELEC
-- T.E. : País Valencià, n. 340 (febrero 2013), p. 7
-- PS19
910 ## - DATOS DE OPCIÓN DEL USUARIO (OCLC)
Datos de opción del usuario 2013
942 ## - ELEMENTOS DE ENTRADA SECUNDARIOS (KOHA)
Tipo de ítem Koha Documento Electrónico
Holdings
Estatus retirado Estado de pérdida Estado de daño No para préstamo Biblioteca de origen Biblioteca actual Fecha de adquisición Enumeración/cronología de publicación seriada Total de préstamos Código de barras Visto por última vez Copia número Precio de reemplazo Tipo de ítem Koha
        CENDO CENDO 13/03/2013 T.E. : País Valencià, n. 340 (febrero 2013), p. 7   CENDO_26167 05/10/2022 PS19 05/10/2022 Documento Electrónico